| 000 | 00800nam a2200253Ia 4500 | ||
|---|---|---|---|
| 003 | GCL | ||
| 008 | 140319s9999 xx 000 0 ara d | ||
| 040 |
_aGCL / _cGCL |
||
| 082 | 0 | 4 |
_a371.4 _bا ت |
| 100 | 1 | _aعثمان لبيب فراج (مترجم) | |
| 245 | 1 | 0 |
_aالتوجية - فلسفة واسسه ووسائله / _cعثمان لبيب فراج (مترجم) |
| 700 | 1 | _aمحمد عبدالخالق علام (مراجع) | |
| 700 | 1 | _aاولسن, ميرل م. | |
| 260 |
_a[S.N] : _bدار النهضة العربية ، _c1978 |
||
| 300 | _a661 | ||
| 490 | _a | ||
| 650 | 0 | 4 | _aالتعليم |
| 650 | 0 | 4 | _aفلسفة |
| 650 | 0 | 4 | _aنظريات |
| 650 | 0 | 4 | _aالمدارس |
| 650 | 0 | 4 | _aالتوجية التربوى |
| 650 | 0 | 4 | _aالتوجية الفنى |
| 942 |
_2ddc _cBK |
||
| 999 |
_c32039 _d32039 |
||